| 000 | 00740nam a22002291 4500 | ||
|---|---|---|---|
| 001 | 141320 | ||
| 003 | ES-MaACL | ||
| 005 | 20230906200253.0 | ||
| 007 | t| | ||
| 008 | 070921s1943 sp ||||0| spa d | ||
| 016 | 7 | _zIND2000945991 | |
| 040 |
_aM-BN _bspa _cCDM |
||
| 080 | _a232.9 | ||
| 100 | 1 |
_aWillam, Franz Michel. _9116878 |
|
| 245 | 1 | 3 |
_aLa vida de Jesús en el país y pueblo de Israel / _cDr. D. Francisco Miguel Willam ; traducida, por José Solá, S. J... de la cuarta edición alemana. |
| 250 | _a3ª ed. | ||
| 260 |
_aMadrid : _bEspasa-Calpe, _c1943. |
||
| 300 |
_a572 p., XXIV h. de lám., 1 h. de mapa ; _c23 cm. |
||
| 700 | 1 |
_aSolá, José. _9107044 |
|
| 852 |
_aES-MaACL _jC-5464 _bR.25671 |
||
| 999 |
_c141320 _d141320 |
||